| 000 | 01170nam0a22002891 4500 | ||
|---|---|---|---|
| 001 | rc\3235531 | ||
| 005 | 20250609194212.0 | ||
| 021 |
_aRU _b[72-91387] |
||
| 035 | _a(NLR Aleph) 007473598 | ||
| 090 |
_a7442577 _c7442577 |
||
| 100 | _a20130115d1972 |||y0rusy50 ca | ||
| 101 | 0 | _arus | |
| 102 | _aRU | ||
| 105 | _ay z ||||| | ||
| 200 | 1 |
_aСтенографический отчет _fТретья сессия Верховного Совета ЭССР восьмого созыва. 5-6 июля 1972 г. |
|
| 210 |
_aТаллин _cЭэсти раамат _d1972 |
||
| 215 |
_a291 с. _d22 |
||
| 601 | 2 |
_aВерховный Совет Эстонской ССР _jЗаконы и постановления _z1972 _2psbo |
|
| 606 |
_aВодный кодекс Эстонской ССР _2psbo |
||
| 606 |
_aОхрана природы _yЭССР _2psbo |
||
| 606 |
_aКодекс законов о труде Эстонской ССР _2psbo |
||
| 710 | 1 | 2 | _aЭстонская ССР. Верховный Совет. Созыв (8). Сессия (3) |
| 801 | 0 |
_aRU _bNLR _gpsbo |
|
| 801 | 1 |
_aRU _bELAR _2rusmarc |
|
| 852 |
_aNLR _j72-5/4252 |
||
| 942 | _cBOOK | ||
| 980 | _aNB | ||